000 01127nam a2200313 i 4500
003 EG-GICUC
005 20260426091200.0
008 260426s1875 fr |||fr|||| 00| 0 fra d
040 _aEG-GiCUC
_bfre
_cEG-GiCUC
_dEG-GiCUC
_eRda
041 _afre
082 0 4 _221
_a343.766044
_bEN
092 0 4 _221
099 _aLaw1 10 343.766044 EN 1875
245 0 0 _aENQUÈTE PARLEMENTAIRE SUR LE RÉGIME DES ÉTABLISSEMENTS PÉNITENTIAIRES.
_nTome Troisieme,
_pPROCÈS-VERBAUX DE LA COMMISSION.
264 1 _aParis :
_bImprimerie Nationale,
_c1875.
300 _a626 page ;
_c 24 cm.
336 _2rda contenu
_a texte
337 _2rda medias
_aOrdinateur
338 _2 transporteur rda
_a Ressource en ligne
490 _aASSEMBLÉE NATIONALE. 1873
_vN° 1676.
500 _aANNEXE AU PROCÉS VERBAL DE LA SEANCE DU 18 MARS 1873)
546 _aTexte en français
650 1 4 _aPrisons et établissements pénitentiaires et correctionnels
_2qrmak
650 1 4 _aDroit pénal international
651 1 _2qrmak
856 4 0 _uhttps://fll.law.cu.edu.eg/fulltext/bks/B10-11507.pdf
905 _a161
942 _2ddc
_cBK
_e21
_n0
999 _c73403
_d73403